A magyarországi bankrendszer átrendeződése a 2008-as válságot követően

Bibliographic Details
Main Author: Tari Szilvia
Other Authors: Dombi Dr. Zsuzsa
Format: Thesis
Kulcsszavak:Magyar bankrendszer
Gazdasági válság 2008
Fióktelep
Online Access:http://dolgozattar.uni-bge.hu/11064

MARC

LEADER 00000nta a2200000 i 4500
001 dolg11064
005 20170512140848.0
008 170512suuuu hu om 000 hun d
040 |a BGE Dolgozattár Repozitórium  |b hun 
041 |a hu 
100 1 |a Tari Szilvia 
245 1 2 |a A magyarországi bankrendszer átrendeződése a 2008-as válságot követően  |c Tari Szilvia  |h [elektronikus dokumentum] 
695 |a Magyar bankrendszer 
695 |a Gazdasági válság 2008 
695 |a Fióktelep 
700 1 |a Dombi Dr. Zsuzsa  |e ths 
856 4 0 |u http://dolgozattar.uni-bge.hu/11064/2/Szakdolgozat%20-%20Tari%20Szilvia%20%28ZR2AC2%29.pdf  |z Dokumentum-elérés